[Event "SG Bünde 1 - SG Bochum 2"]
[Site "NRW-Klasse - Gruppe 1 2019/20"]
[Date "2020.02.23"]
[Round "7.3"]
[White "Biermann, Florian"]
[Black "Altenbernd, Jannis-Domenik"]
[Result "1-0"]
[WhiteElo "2088"]
[BlackElo "1957"]
[PlyCount "61"]
[EventDate "2020.??.??"]
[SourceVersionDate "2020.03.16"]
[WhiteTeam "SG Bochum 2"]
[BlackTeam "SG Bünde 1"]

1. d4 Nf6 2. c4 e6 3. Nc3 Bb4 4. a3 Bxc3+ 5. bxc3 d5 6. f3 O-O 7. cxd5 exd5 8.
e3 Re8 9. Bd3 b6 10. Ne2 Ba6 11. Bxa6 Nxa6 12. Qd3 Qc8 13. O-O c5 14. Ng3 c4
15. Qc2 Qc6 16. Bd2 Re6 17. Rae1 Rae8 18. Qf5 R8e7 19. e4 g6 20. Qg5 h6 21.
Qxh6 dxe4 22. fxe4 Nxe4 23. Rxe4 Rxe4 24. Nf5 Qf6 25. Bg5 Qxf5 26. Rxf5 gxf5
27. Bf6 Re1+ 28. Kf2 R1e2+ 29. Kf3 R7e3+ 30. Kf4 Re4+ 31. Kxf5 1-0

[Event "SG Bünde 1 - SG Bochum 2"]
[Site "NRW-Klasse - Gruppe 1 2019/20"]
[Date "2020.02.23"]
[Round "7.4"]
[White "Brunke, Christian"]
[Black "Mazarov, Juergen"]
[Result "0-1"]
[WhiteElo "2101"]
[BlackElo "2033"]
[PlyCount "52"]
[EventDate "2020.??.??"]
[SourceVersionDate "2020.03.16"]
[WhiteTeam "SG Bünde 1"]
[BlackTeam "SG Bochum 2"]

1. e4 c5 2. Nc3 a6 3. g3 b5 4. Bg2 Bb7 5. d3 e6 6. Nge2 d5 7. O-O d4 8. Nb1 Be7
9. a4 Nf6 10. Bg5 O-O 11. Nf4 Nc6 12. Na3 Qb6 13. Bxf6 Bxf6 14. Nh5 Be7 15. g4
g6 16. Ng3 e5 17. Qd2 Bf6 18. Ne2 Bg7 19. h3 Rae8 20. Ng3 Bc8 21. Qe2 Be6 22.
axb5 axb5 23. Nb1 c4 24. Na3 Qc5 25. Kh1 Ra8 26. dxc4 b4 0-1

[Event "SG Bünde 1 - SG Bochum 2"]
[Site "NRW-Klasse - Gruppe 1 2019/20"]
[Date "2020.02.23"]
[Round "7.5"]
[White "Butschek, Marc"]
[Black "Moradi Kahlou, Benjamin"]
[Result "0-1"]
[WhiteElo "2023"]
[BlackElo "1932"]
[PlyCount "77"]
[EventDate "2020.??.??"]
[SourceVersionDate "2020.03.16"]
[WhiteTeam "SG Bochum 2"]
[BlackTeam "SG Bünde 1"]

1. e4 e5 2. Bc4 Nc6 3. Nf3 Bc5 4. O-O d6 5. h3 Nf6 6. Re1 O-O 7. c3 h6 8. Bb3
a6 9. d4 Ba7 10. Qd3 Re8 11. Nbd2 Qe7 12. Bc2 exd4 13. cxd4 Nb4 14. Qc3 Nxc2
15. Qxc2 b5 16. e5 dxe5 17. dxe5 Nd5 18. Qc6 Be6 19. Ne4 Nb4 20. Qc3 Nxa2 21.
Rxa2 Bxa2 22. Bxh6 Bd5 23. Bxg7 Kxg7 24. Ng3 Qc5 25. Nh5+ Kf8 26. Qd2 Qxf2+ 27.
Qxf2 Bxf2+ 28. Kxf2 Bxf3 29. Kxf3 a5 30. Nf6 Red8 31. Ke3 a4 32. h4 b4 33. h5
Kg7 34. Kf4 Rd2 35. g4 Rxb2 36. Kg5 Rh2 37. Rd1 a3 38. Rd5 a2 39. e6 0-1

[Event "SG Bünde 1 - SG Bochum 2"]
[Site "NRW-Klasse - Gruppe 1 2019/20"]
[Date "2020.02.23"]
[Round "7.6"]
[White "Hagemeier, Ulrich"]
[Black "Zeldin, Vitali"]
[Result "0-1"]
[WhiteElo "2003"]
[BlackElo "1946"]
[PlyCount "56"]
[EventDate "2020.??.??"]
[SourceVersionDate "2020.03.16"]
[WhiteTeam "SG Bünde 1"]
[BlackTeam "SG Bochum 2"]

1. d4 Nf6 2. c4 e6 3. g3 c5 4. e3 Nc6 5. Bg2 d5 6. Nf3 cxd4 7. exd4 Bb4+ 8. Bd2
Bxd2+ 9. Nbxd2 Qb6 10. cxd5 exd5 11. Nb3 O-O 12. O-O Bg4 13. h3 Bf5 14. Ne5 a5
15. g4 Be4 16. g5 Nxe5 17. gxf6 Ng6 18. fxg7 Rfe8 19. Qd2 Qf6 20. f3 Bf5 21.
Nc5 b6 22. Na4 Bd7 23. Nc3 Nf4 24. Qf2 b5 25. a3 Rac8 26. Rfe1 b4 27. axb4 axb4
28. Na2 Bxh3 0-1

[Event "SG Bünde 1 - SG Bochum 2"]
[Site "NRW-Klasse - Gruppe 1 2019/20"]
[Date "2020.02.23"]
[Round "7.7"]
[White "Prieb, Robert"]
[Black "Gudath, Reiner"]
[Result "1/2-1/2"]
[WhiteElo "1897"]
[BlackElo "1836"]
[Annotator "Daniel"]
[PlyCount "89"]
[EventDate "2020.??.??"]
[SourceVersionDate "2020.03.16"]
[WhiteTeam "SG Bochum 2"]
[BlackTeam "SG Bünde 1"]

1. d4 Nf6 2. c4 e6 3. Nc3 Bb4 4. Qc2 d5 5. cxd5 exd5 6. Bg5 O-O 7. e3 c6 8. Bd3
h6 9. Bh4 Nbd7 10. a3 Be7 11. Nf3 c5 12. dxc5 Nxc5 13. Rd1 Be6 14. O-O Rc8 15.
Qe2 a6 16. Bc2 Qb6 17. b4 Ncd7 18. Qd2 Qc6 19. Rc1 b5 20. Bb3 Qb7 21. Rcd1 g5
22. Bg3 Nb6 23. Nd4 Nc4 24. Bxc4 Rxc4 25. Nb3 Qa8 26. Rc1 Ne4 27. Nxe4 dxe4 28.
Nc5 Rxc1 29. Rxc1 Bc4 30. Qd4 f5 31. Be5 Rd8 32. Qb2 Qd5 33. Bd4 a5 34. h3 axb4
35. axb4 Ra8 36. Ra1 Ra2 $11 37. Rxa2 Bxa2 38. Qa3 Bc4 39. Qa6 Kh7 40. Qc8 Qf7
41. Qh8+ Kg6 42. Nd7 Bd6 43. Ne5+ Bxe5 44. Qxe5 Bd3 45. Qd6+ 1/2-1/2

[Event "SG Bünde 1 - SG Bochum 2"]
[Site "NRW-Klasse - Gruppe 1 2019/20"]
[Date "2020.02.23"]
[Round "7.8"]
[White "Vogt, Holger"]
[Black "Walny, Benjamin"]
[Result "0-1"]
[WhiteElo "1729"]
[BlackElo "1772"]
[PlyCount "118"]
[EventDate "2020.??.??"]
[SourceVersionDate "2020.03.16"]
[WhiteTeam "SG Bünde 1"]
[BlackTeam "SG Bochum 2"]

1. b3 d5 2. Bb2 Nc6 3. f4 Bf5 4. Nf3 f6 5. Nh4 Bd7 6. e3 g6 7. f5 Bxf5 8. Nxf5
gxf5 9. Qh5+ Kd7 10. Qxf5+ e6 11. Qh3 Nb4 12. Na3 Bg7 13. Be2 Qe7 14. c3 f5 15.
d4 Nc6 16. O-O-O Nf6 17. g4 fxg4 18. Bxg4 h5 19. Bf3 Bh6 20. Nc2 Rag8 21. Rhg1
Qf7 22. Rdf1 Ne7 23. Kb1 Rxg1 24. Rxg1 Rg8 25. Rxg8 Nexg8 26. Bc1 Ne7 27. Qg2
Qh7 28. Kb2 Nf5 29. Qh3 Qg6 30. Qg2 Qxg2 31. Bxg2 Ng4 32. Bf3 Nxh2 33. Bxh5 Nf1
34. e4 Bxc1+ 35. Kxc1 dxe4 36. Kd1 Kd6 37. Ke1 N1g3 38. Bd1 e5 39. dxe5+ Kxe5
40. Bg4 Kf4 41. Bxf5 Nxf5 42. Ke2 Ng3+ 43. Kf2 c5 44. Ne3 Nh1+ 45. Ke2 Ng3+ 46.
Kd2 Nf5 47. Ng2+ Ke5 48. Ke2 b5 49. Kd2 a5 50. a3 b4 51. axb4 axb4 52. Kc2 Nd6
53. Ne3 Nb5 54. cxb4 cxb4 55. Kd2 Nd4 56. Nc4+ Kf4 57. Na5 e3+ 58. Ke1 Kf3 59.
Nc4 Nc2+ 0-1

[Event "Bielefelder SK 1 - SG Kirchlengern 1"]
[Site "NRW-Klasse - Gruppe 1 2019/20"]
[Date "2020.02.23"]
[Round "7.1"]
[White "Gulatz, Maurice"]
[Black "Forchert, Martin"]
[Result "1/2-1/2"]
[WhiteElo "2162"]
[BlackElo "2267"]
[PlyCount "57"]
[EventDate "2020.??.??"]
[SourceVersionDate "2020.03.16"]
[WhiteTeam "SG Kirchlengern 1"]
[BlackTeam "Bielefelder SK 1"]

1. d4 d5 2. c4 c6 3. Nf3 Nf6 4. Nc3 dxc4 5. a4 Bf5 6. Ne5 Nbd7 7. Nxc4 Nb6 8.
Ne5 a5 9. f3 Nfd7 10. Nxd7 Nxd7 11. e4 Bg6 12. Be3 Qb6 13. Qd2 e5 14. Rd1 Bb4
15. d5 Nc5 16. Bc4 O-O 17. Qf2 cxd5 18. Rxd5 Rac8 19. O-O Qc7 20. Bb5 Rfd8 21.
Rxd8+ Qxd8 22. Rd1 Qf8 23. Nd5 Rd8 24. Qc2 Ne6 25. Nxb4 Rxd1+ 26. Qxd1 Qxb4 27.
Qd2 Qxd2 28. Bxd2 Nd4 29. Bxa5 1/2-1/2

[Event "Bielefelder SK 1 - SG Kirchlengern 1"]
[Site "NRW-Klasse - Gruppe 1 2019/20"]
[Date "2020.02.23"]
[Round "7.2"]
[White "Gruen, Gerd-Peter"]
[Black "Braun, Peter"]
[Result "1/2-1/2"]
[WhiteElo "2232"]
[BlackElo "2037"]
[PlyCount "138"]
[EventDate "2020.??.??"]
[SourceVersionDate "2020.03.16"]
[WhiteTeam "Bielefelder SK 1"]
[BlackTeam "SG Kirchlengern 1"]

1. d4 Nf6 2. Nf3 d5 3. Bf4 c5 4. e3 Nc6 5. c3 Qb6 6. Qb3 c4 7. Qc2 Bf5 8. Qc1
e6 9. Nbd2 h6 10. Be2 Be7 11. O-O O-O 12. b3 cxb3 13. axb3 Rfc8 14. Qb2 Ne4 15.
Nxe4 Bxe4 16. Nd2 Bg6 17. h3 Nb4 18. e4 Nc6 19. exd5 exd5 20. Bf3 Rd8 21. Rfe1
Bf6 22. Qa2 Bf5 23. Nf1 Rac8 24. Ne3 Be6 25. Bg4 Bxg4 26. Nxg4 Be7 27. Re3 h5
28. Ne5 Nxe5 29. Bxe5 Bd6 30. Bxd6 Rxd6 31. b4 a6 32. Rae1 g6 33. Qe2 Kg7 34.
f4 Rf6 35. Rf1 a5 36. bxa5 Qxa5 37. Rff3 Rc7 38. f5 Qa1+ 39. Kh2 Qa6 40. Qf2 b5
41. fxg6 fxg6 42. Qg3 Qd6 43. Qxd6 Rxd6 44. Re8 Rdc6 45. Rb8 Rxc3 46. Rxc3 Rxc3
47. Rxb5 Rd3 48. Rxd5 Kf6 49. Rd6+ Kf5 50. h4 Kg4 51. Rxg6+ Kxh4 52. d5 Rd2 53.
Rd6 Kg4 54. Rd8 Kf5 55. Kh3 Rd3+ 56. g3 Rd2 57. d6 Ke6 58. Kh4 Rh2+ 59. Kg5 Rh3
60. Kf4 h4 61. g4 Rd3 62. Kg5 h3 63. Rh8 Rxd6 64. Rxh3 Kf7 65. Rh7+ Kg8 66. Ra7
Rb6 67. Kh5 Rc6 68. g5 Rb6 69. g6 Rb1 1/2-1/2

[Event "Bielefelder SK 1 - SG Kirchlengern 1"]
[Site "NRW-Klasse - Gruppe 1 2019/20"]
[Date "2020.02.23"]
[Round "7.3"]
[White "Krueger, Tim"]
[Black "Simon, Hans Christian"]
[Result "1/2-1/2"]
[WhiteElo "2039"]
[BlackElo "2167"]
[PlyCount "29"]
[EventDate "2020.??.??"]
[SourceVersionDate "2020.03.16"]
[WhiteTeam "SG Kirchlengern 1"]
[BlackTeam "Bielefelder SK 1"]

1. d4 Nf6 2. Nf3 e6 3. e3 b6 4. Bd3 c5 5. O-O Be7 6. c4 O-O 7. d5 d6 8. Nc3 e5
9. Qc2 Nbd7 10. Bf5 g6 11. Bh3 Nh5 12. e4 a6 13. a4 Rb8 14. Bh6 Re8 15. Qd2
1/2-1/2

[Event "Bielefelder SK 1 - SG Kirchlengern 1"]
[Site "NRW-Klasse - Gruppe 1 2019/20"]
[Date "2020.02.23"]
[Round "7.4"]
[White "Goeßling, Guido"]
[Black "Ott, Mathias"]
[Result "1-0"]
[WhiteElo "2128"]
[BlackElo "1957"]
[PlyCount "55"]
[EventDate "2020.??.??"]
[SourceVersionDate "2020.03.16"]
[WhiteTeam "Bielefelder SK 1"]
[BlackTeam "SG Kirchlengern 1"]

1. e4 e6 2. d4 d5 3. exd5 exd5 4. Nf3 Bd6 5. c4 Nf6 6. Nc3 dxc4 7. Bxc4 O-O 8.
O-O h6 9. Ne5 Nbd7 10. Re1 Nb6 11. Bb3 c6 12. Qf3 Bc7 13. Qg3 Kh8 14. Qh4 Bxe5
15. dxe5 Nfd5 16. Qh5 Kg8 17. Ne4 Qd7 18. Bxh6 gxh6 19. Qxh6 Qf5 20. Re3 Qh7
21. Rg3+ Bg4 22. Rxg4+ Kh8 23. Qxh7+ Kxh7 24. Rd1 f5 25. exf6 Nxf6 26. Nxf6+
Rxf6 27. Re4 Raf8 28. f3 1-0

[Event "Bielefelder SK 1 - SG Kirchlengern 1"]
[Site "NRW-Klasse - Gruppe 1 2019/20"]
[Date "2020.02.23"]
[Round "7.5"]
[White "Dilger, Tim"]
[Black "Forchert, Niko"]
[Result "0-1"]
[WhiteElo "1848"]
[BlackElo "2067"]
[PlyCount "88"]
[EventDate "2020.??.??"]
[SourceVersionDate "2020.03.16"]
[WhiteTeam "SG Kirchlengern 1"]
[BlackTeam "Bielefelder SK 1"]

1. e4 d5 2. exd5 Qxd5 3. d4 Nf6 4. c4 Qd6 5. Nc3 c6 6. Nge2 e5 7. f3 exd4 8.
Qxd4 Qxd4 9. Nxd4 Bc5 10. Nb3 Bb4 11. Bd2 O-O 12. O-O-O Rd8 13. Be2 Bf5 14. a3
Be7 15. g4 Bd3 16. Rhe1 Bxe2 17. Rxe2 Bf8 18. g5 Nh5 19. Rde1 Nd7 20. f4 Nb6
21. Re4 f5 22. Re5 Nxc4 23. Rxf5 g6 24. Rfe5 Nxd2 25. Nxd2 Nxf4 26. R5e4 Nd3+
27. Kc2 Nxe1+ 28. Rxe1 Re8 29. Nde4 Bg7 30. Rf1 Bxc3 31. Nxc3 Rf8 32. Rh1 Rf4
33. Kb3 a5 34. Re1 Kf8 35. Re2 a4+ 36. Ka2 Re8 37. Rd2 Rg4 38. Rd7 Re7 39. Rd8+
Kf7 40. Ra8 Rxg5 41. Rxa4 Kg7 42. Rf4 Rg2 43. h4 h5 44. Ne4 Rg4 0-1

[Event "Bielefelder SK 1 - SG Kirchlengern 1"]
[Site "NRW-Klasse - Gruppe 1 2019/20"]
[Date "2020.02.23"]
[Round "7.6"]
[White "Roemhild, Marcus"]
[Black "Knollmann, Benjamin"]
[Result "0-1"]
[WhiteElo "2029"]
[BlackElo "1826"]
[PlyCount "108"]
[EventDate "2020.??.??"]
[SourceVersionDate "2020.03.16"]
[WhiteTeam "Bielefelder SK 1"]
[BlackTeam "SG Kirchlengern 1"]

1. c4 Nf6 2. g3 c5 3. Nc3 g6 4. Bg2 Bg7 5. e4 Nc6 6. Nge2 O-O 7. O-O a6 8. d3
Rb8 9. a4 d6 10. f4 Bg4 11. Be3 Nd7 12. Qd2 Nd4 13. Rab1 Qa5 14. Nxd4 cxd4 15.
Nd5 Qd8 16. Bf2 Nc5 17. b3 b5 18. cxb5 axb5 19. a5 Be6 20. b4 Na4 21. Rbe1 Bc8
22. f5 Be5 23. Qg5 Rb7 24. Re2 e6 25. Qxd8 Rxd8 26. fxe6 fxe6 27. Nf4 Rc7 28.
Bh3 Re8 29. Rd2 Bg7 30. Rdd1 Nc3 31. Rde1 e5 32. Bxc8 Rcxc8 33. Ne2 Na2 34. Rb1
Rc2 35. Nc1 Nc3 36. Ra1 Bh6 37. Nb3 Rb2 38. Nxd4 exd4 39. a6 Rxb4 40. Kh1 Ra8
41. a7 Bg7 42. Ra6 Ra4 43. Rxd6 R4xa7 44. Bxd4 Bxd4 45. Rxd4 Ra1 46. Rxa1 Rxa1+
47. Kg2 Rb1 48. Rd7 b4 49. e5 b3 50. e6 b2 51. Rb7 Na4 52. Rb8+ Kg7 53. Kf2 Kf6
54. Rb4 Rc1 0-1

[Event "Bielefelder SK 1 - SG Kirchlengern 1"]
[Site "NRW-Klasse - Gruppe 1 2019/20"]
[Date "2020.02.23"]
[Round "7.7"]
[White "Ott, Helmut"]
[Black "Doering, Carsten"]
[Result "0-1"]
[WhiteElo "1782"]
[BlackElo "1973"]
[PlyCount "116"]
[EventDate "2020.??.??"]
[SourceVersionDate "2020.03.16"]
[WhiteTeam "SG Kirchlengern 1"]
[BlackTeam "Bielefelder SK 1"]

1. d4 Nf6 2. Nf3 g6 3. c4 Bg7 4. Nc3 O-O 5. e4 d6 6. Bd3 Nc6 7. d5 Nb4 8. Be2
a5 9. h3 Na6 10. Be3 e5 11. O-O Nc5 12. Bxc5 dxc5 13. Qd2 Ne8 14. Qe3 b6 15.
Nb5 Ba6 16. Nd2 Qh4 17. Nf3 Qe7 18. Rad1 Rd8 19. Rfe1 Bxb5 20. cxb5 Nd6 21. b3
h6 22. Bd3 Rde8 23. Nd2 f5 24. f3 Qh4 25. Qf2 Qxf2+ 26. Kxf2 Bf6 27. Re2 Bg5
28. a4 Bxd2 29. Rdxd2 h5 30. Kg3 Kg7 31. h4 f4+ 32. Kf2 Kh6 33. Re1 Rg8 34. Rh1
g5 35. hxg5+ Rxg5 36. Rh2 Reg8 37. Rd1 Rg3 38. Rdh1 R8g5 39. Bf1 Ne8 40. Rh3
Rxh3 41. Rxh3 Rg7 42. g3 Rxg3 43. Rxg3 fxg3+ 44. Kxg3 Kg5 45. Bh3 Nf6 46. Be6
h4+ 47. Kf2 Nh5 48. Bh3 Kf4 49. Bg4 Nf6 50. Bf5 Nxd5 51. Be6 Ne3 52. Ke2 Nc2
53. Kd3 Nd4 54. Bh3 Nxf3 55. Bf5 Ng5 56. Kc4 Nxe4 57. Kd5 Kxf5 58. Kc6 h3 0-1

[Event "Bielefelder SK 1 - SG Kirchlengern 1"]
[Site "NRW-Klasse - Gruppe 1 2019/20"]
[Date "2020.02.23"]
[Round "7.8"]
[White "Schnitker, Rainer"]
[Black "Meyer zu Knolle, Marius"]
[Result "0-1"]
[WhiteElo "2028"]
[BlackElo "1737"]
[PlyCount "58"]
[EventDate "2020.??.??"]
[SourceVersionDate "2020.03.16"]
[WhiteTeam "Bielefelder SK 1"]
[BlackTeam "SG Kirchlengern 1"]

1. Nf3 d5 2. g3 Nf6 3. Bg2 c5 4. O-O Nc6 5. d4 cxd4 6. Nxd4 e5 7. Nxc6 bxc6 8.
c4 Be7 9. Nc3 e4 10. cxd5 cxd5 11. Bg5 Be6 12. Qa4+ Qd7 13. Qxd7+ Nxd7 14. Bxe7
Kxe7 15. Rfd1 Nf6 16. Rac1 Rab8 17. Rd2 Rhd8 18. b3 Rbc8 19. Rdc2 Bf5 20. e3 d4
21. exd4 Rxd4 22. Nd5+ Nxd5 23. Rxc8 Bxc8 24. Rxc8 Rd1+ 25. Bf1 e3 26. Rc2 Rd2
27. Rc1 e2 28. Re1 Nc3 29. f3 Rd1 0-1

[Event "Schach Nienberge 1 - SV Welper 1"]
[Site "NRW-Klasse - Gruppe 1 2019/20"]
[Date "2020.02.23"]
[Round "7.1"]
[White "Fuellgrabe, Thomas"]
[Black "Mikeladze, Berdia"]
[Result "1/2-1/2"]
[WhiteElo "2241"]
[BlackElo "2450"]
[PlyCount "83"]
[EventDate "2020.??.??"]
[SourceVersionDate "2020.03.16"]
[WhiteTeam "SV Welper 1"]
[BlackTeam "Schach Nienberge 1"]

1. e4 c6 2. d4 d5 3. e5 c5 4. dxc5 e6 5. a3 Bxc5 6. Qg4 Bf8 7. Nf3 Nc6 8. Bd3
Nge7 9. O-O Ng6 10. Re1 Be7 11. c4 O-O 12. Nc3 a6 13. cxd5 exd5 14. Qh5 Re8 15.
Bg5 Be6 16. Bxe7 Rxe7 17. Rad1 Nf8 18. Bb1 Rd7 19. Nd4 Rc8 20. Rd2 g6 21. Qh6
Nxd4 22. Rxd4 Rc4 23. Red1 Bg4 24. R1d2 Ne6 25. Rxc4 dxc4 26. Rxd7 Qxd7 27. h3
Bf5 28. Be4 Nc5 29. Qe3 Nxe4 30. Nxe4 Bxe4 31. Qxe4 Qd2 32. e6 Qd1+ 33. Kh2
Qd6+ 34. g3 Qxe6 35. Qxb7 h5 36. h4 Kg7 37. Kg2 Qf6 38. Kg1 a5 39. Qb5 Qd4 40.
Kg2 c3 41. bxc3 Qxc3 42. a4 1/2-1/2

[Event "Schach Nienberge 1 - SV Welper 1"]
[Site "NRW-Klasse - Gruppe 1 2019/20"]
[Date "2020.02.23"]
[Round "7.2"]
[White "Gottkehaskamp, Philipp"]
[Black "Kemna, Guido"]
[Result "1/2-1/2"]
[WhiteElo "2071"]
[BlackElo "2135"]
[PlyCount "53"]
[EventDate "2020.??.??"]
[SourceVersionDate "2020.03.16"]
[WhiteTeam "Schach Nienberge 1"]
[BlackTeam "SV Welper 1"]

1. e4 c6 2. d3 d5 3. Nd2 e5 4. Ngf3 Bd6 5. g3 Nf6 6. Bg2 O-O 7. O-O dxe4 8.
dxe4 Bc7 9. Qe2 Qe7 10. a4 b6 11. b3 Ba6 12. Nc4 Rd8 13. Nfd2 c5 14. Re1 Nc6
15. c3 Na5 16. Rb1 Ne8 17. Qf3 Nxc4 18. Nxc4 Bxc4 19. bxc4 Qd7 20. a5 bxa5 21.
Be3 Bb6 22. Red1 Qa4 23. Bf1 Qc2 24. Rbc1 Qb3 25. Rb1 Qa4 26. Ra1 Qb3 27. Rdb1
1/2-1/2

[Event "Schach Nienberge 1 - SV Welper 1"]
[Site "NRW-Klasse - Gruppe 1 2019/20"]
[Date "2020.02.23"]
[Round "7.3"]
[White "Schaller, Fabian"]
[Black "Emiroglu, Murat"]
[Result "1/2-1/2"]
[WhiteElo "2041"]
[BlackElo "2156"]
[PlyCount "40"]
[EventDate "2020.??.??"]
[SourceVersionDate "2020.03.16"]
[WhiteTeam "SV Welper 1"]
[BlackTeam "Schach Nienberge 1"]

1. Nf3 d5 2. b3 Nf6 3. Bb2 e6 4. g3 c5 5. Bg2 Nc6 6. d3 b6 7. O-O Be7 8. Nbd2
Bb7 9. Ne5 Qc7 10. f4 Nxe5 11. Bxe5 Qd7 12. e4 dxe4 13. Nxe4 Nxe4 14. Bxe4 Bxe4
15. dxe4 f6 16. Bb2 O-O-O 17. Qxd7+ Rxd7 18. Rad1 Rhd8 19. Rxd7 Rxd7 20. c4 g6
1/2-1/2

[Event "Schach Nienberge 1 - SV Welper 1"]
[Site "NRW-Klasse - Gruppe 1 2019/20"]
[Date "2020.02.23"]
[Round "7.4"]
[White "Ringwelski, Marius"]
[Black "Adiyaman, Rene"]
[Result "0-1"]
[WhiteElo "1987"]
[BlackElo "2097"]
[PlyCount "76"]
[EventDate "2020.??.??"]
[SourceVersionDate "2020.03.16"]
[WhiteTeam "Schach Nienberge 1"]
[BlackTeam "SV Welper 1"]

1. e4 e5 2. Nf3 Nc6 3. Bb5 Nf6 4. O-O Nxe4 5. d4 Nd6 6. dxe5 Nxb5 7. a4 Nxe5 8.
axb5 Nxf3+ 9. Qxf3 Be7 10. Nc3 c6 11. Re1 O-O 12. Ra4 d5 13. Be3 a6 14. bxc6
bxc6 15. Bd4 Bd6 16. Raa1 Bxh2+ 17. Kxh2 Qh4+ 18. Kg1 Qxd4 19. Ra4 Qd2 20. Re2
Qc1+ 21. Kh2 Qxb2 22. Rh4 Qb8+ 23. g3 Qd6 24. Re1 f5 25. Ne2 Rf7 26. Nf4 Bd7
27. Qh5 g6 28. Qg5 Re8 29. Rxe8+ Bxe8 30. Nd3 c5 31. Qe3 Re7 32. Qxc5 Qxc5 33.
Nxc5 Re2 34. Kg2 Bc6 35. Nxa6 d4+ 36. Kf1 Rxc2 37. Nb4 d3 38. Nxc6 Rc1+ 0-1

[Event "Schach Nienberge 1 - SV Welper 1"]
[Site "NRW-Klasse - Gruppe 1 2019/20"]
[Date "2020.02.23"]
[Round "7.5"]
[White "Conrad, Joachim"]
[Black "Gottkehaskamp, Stefan"]
[Result "0-1"]
[WhiteElo "2004"]
[BlackElo "2043"]
[PlyCount "50"]
[EventDate "2020.??.??"]
[SourceVersionDate "2020.03.16"]
[WhiteTeam "SV Welper 1"]
[BlackTeam "Schach Nienberge 1"]

1. d4 d5 2. Bf4 Nf6 3. e3 c5 4. c3 Qb6 5. Qb3 c4 6. Qc2 g6 7. Nd2 Bf5 8. Qc1
Nc6 9. f3 Rc8 10. e4 dxe4 11. Nxc4 Qd8 12. Qd1 Bg7 13. fxe4 Bxe4 14. Nf3 Nd5
15. Bc1 O-O 16. Bd3 Bxd3 17. Qxd3 Nb6 18. Nxb6 Qxb6 19. Rb1 e5 20. d5 e4 21.
Qe3 Qa6 22. Nd2 Ne5 23. b3 Nd3+ 24. Kd1 Rxc3 25. Qe2 Qxa2 0-1

[Event "Schach Nienberge 1 - SV Welper 1"]
[Site "NRW-Klasse - Gruppe 1 2019/20"]
[Date "2020.02.23"]
[Round "7.6"]
[White "Kemper, Georg"]
[Black "Schaller, Torsten"]
[Result "1-0"]
[WhiteElo "1985"]
[BlackElo "1956"]
[PlyCount "93"]
[EventDate "2020.??.??"]
[SourceVersionDate "2020.03.16"]
[WhiteTeam "Schach Nienberge 1"]
[BlackTeam "SV Welper 1"]

1. d4 Nf6 2. c4 c5 3. d5 b5 4. Nf3 g6 5. Qc2 Bg7 6. cxb5 d6 7. e4 a6 8. Nc3 O-O
9. a4 Nbd7 10. Be2 Ne8 11. O-O axb5 12. Nxb5 Ba6 13. Bd2 Nc7 14. Nxc7 Qxc7 15.
Bxa6 Rxa6 16. Bc3 Rb8 17. Bxg7 Kxg7 18. Nd4 Qb6 19. Nb5 Rc8 20. b3 Nf6 21. Rab1
Raa8 22. h3 Kg8 23. Kh1 Qa5 24. Na3 Rab8 25. Nc4 Qa7 26. Rfd1 Rd8 27. f3 Rb4
28. Qc3 Qc7 29. Na3 Rbb8 30. Nb5 Qb6 31. b4 Nd7 32. bxc5 Nxc5 33. a5 Qa6 34.
Nd4 Rdc8 35. Nc6 Rb7 36. e5 Re8 37. exd6 exd6 38. Rxb7 Qxb7 39. Qf6 Qb3 40. Ra1
Qe3 41. a6 Nb3 42. Rg1 Nc1 43. a7 Ne2 44. Ra1 Ng3+ 45. Kh2 Nh5 46. Qxd6 Ra8 47.
Rb1 1-0

[Event "Schach Nienberge 1 - SV Welper 1"]
[Site "NRW-Klasse - Gruppe 1 2019/20"]
[Date "2020.02.23"]
[Round "7.7"]
[White "Bastians, Felix"]
[Black "Haas, Kai"]
[Result "1/2-1/2"]
[WhiteElo "2107"]
[BlackElo "1928"]
[Annotator "Daniel"]
[PlyCount "95"]
[EventDate "2020.??.??"]
[SourceVersionDate "2020.03.16"]
[WhiteTeam "SV Welper 1"]
[BlackTeam "Schach Nienberge 1"]

1. Nf3 g6 2. e4 d6 3. d4 Bg7 4. Nc3 Nd7 5. Be2 e5 6. Be3 Ngf6 7. h3 c6 8. O-O
Qe7 9. dxe5 dxe5 10. Ne1 O-O 11. Nd3 Re8 12. a4 Nf8 13. Qc1 N6d7 14. Re1 Ne6
15. Rb1 a5 16. b3 Nd4 17. Bg4 Nc5 18. Bxc8 Nxd3 19. cxd3 Rexc8 20. Ne2 Nxe2+
21. Rxe2 Bf8 22. d4 Bg7 23. dxe5 Bxe5 $11 24. Qc4 Rd8 25. Rd2 Rd7 26. Bg5 Qe8
27. Rbd1 Rxd2 28. Rxd2 Bg7 29. Qd3 h6 30. Be3 Qe6 31. Bb6 Bf8 32. Qc4 Qe7 33.
f3 Ra6 34. Bf2 Ra8 35. Bb6 g5 36. g3 Ra6 37. Bd8 Qe5 38. f4 Bc5+ 39. Kg2 gxf4
40. g4 Be3 41. Re2 Ra8 42. Bh4 Re8 43. Kf3 Re6 44. Be1 Rd6 45. Bc3 Qg5 46. Be1
Qe5 47. Bc3 Qg5 48. Be1 1/2-1/2

[Event "Schach Nienberge 1 - SV Welper 1"]
[Site "NRW-Klasse - Gruppe 1 2019/20"]
[Date "2020.02.23"]
[Round "7.8"]
[White "Keller, Dirk"]
[Black "Schaller, Kai"]
[Result "1/2-1/2"]
[WhiteElo "1926"]
[BlackElo "1736"]
[Annotator "Daniel"]
[PlyCount "44"]
[EventDate "2020.??.??"]
[SourceVersionDate "2020.03.16"]
[WhiteTeam "Schach Nienberge 1"]
[BlackTeam "SV Welper 1"]

1. c4 c5 2. g3 g6 3. Bg2 Bg7 4. Nc3 Nc6 5. d3 d6 6. e4 e6 7. Nge2 Nge7 8. O-O
O-O 9. Be3 Nd4 10. Rb1 Nec6 11. Qd2 a6 12. Bh6 Rb8 13. g4 Ne5 14. Nxd4 Bxh6 15.
Qxh6 cxd4 16. Ne2 Nxg4 17. Qh3 e5 18. Qg3 $11 a5 19. h3 Nf6 20. f4 Nh5 21. Qf3
f5 22. exf5 Bxf5 1/2-1/2

[Event "NRW Kl. Hansa Do 2-2^6 (1. Br.)"]
[Site "?"]
[Date "2020.02.23"]
[Round "?"]
[White "Ruecker, Bastian"]
[Black "Babar, Michael"]
[Result "1-0"]
[WhiteElo "2064"]
[BlackElo "2097"]
[PlyCount "45"]
[EventDate "2020.??.??"]
[SourceVersionDate "2020.03.16"]

1. d4 d5 2. c4 e6 3. cxd5 exd5 4. Nc3 Nf6 5. Bg5 Be7 6. e3 c6 7. Bd3 h6 8. Bh4
Ne4 9. Bg3 Nxc3 10. bxc3 Qa5 11. Ne2 Nd7 12. O-O Nf6 13. Qc2 O-O 14. f3 c5 15.
Rfb1 c4 16. Bf5 b6 17. a4 g6 18. Bxg6 Qa6 19. Be5 Qb7 20. Nf4 Bd8 21. Nh5 Qc6
22. Bf5 Nxh5 23. Bh7# 1-0

[Event "NRW Kl. Hansa Do 2-2^6 (2. Br.)"]
[Site "?"]
[Date "2020.02.23"]
[Round "?"]
[White "Burchert, Wolfgang"]
[Black "Stukenbrok, Nils"]
[Result "1/2-1/2"]
[WhiteElo "2010"]
[BlackElo "2011"]
[PlyCount "100"]
[EventDate "2020.??.??"]
[SourceVersionDate "2020.03.16"]

1. e4 Nf6 2. e5 Nd5 3. d4 d6 4. c4 Nb6 5. exd6 exd6 6. Nc3 Be7 7. Bd3 Nc6 8.
Nge2 O-O 9. b3 Bf6 10. O-O Nxd4 11. Nxd4 Bxd4 12. Bxh7+ Kxh7 13. Qxd4 Bf5 14.
Bb2 f6 15. Rfe1 Re8 16. Nb5 Qd7 17. Qf4 Bg6 18. h3 a6 19. Nd4 Rxe1+ 20. Rxe1
Re8 21. Re3 Rxe3 22. Qxe3 Qe8 23. Qxe8 Bxe8 24. Ne6 Na8 25. f4 Kg8 26. Kf2 Bd7
27. Nd4 c5 28. Nc2 b5 29. Ne3 Nb6 30. Ke2 bxc4 31. bxc4 Nxc4 32. Nxc4 Bb5 33.
Kd3 d5 34. Ba3 Bxc4+ 35. Kc3 Bxa2 36. Bxc5 a5 37. g4 Kf7 38. h4 Bc4 39. Kd2 a4
40. h5 Ke6 41. Ke3 Bb3 42. Kd2 Bc4 43. Ke3 Bb5 44. Ba3 Be8 45. Bb2 f5 46. gxf5+
Kxf5 47. Bxg7 Bxh5 48. Bb2 Bf7 49. Bc1 Ke6 50. Kd4 Bg6 1/2-1/2